Luz negra pieza en 2 actos y un prólogo

محفوظ في:
التفاصيل البيبلوغرافية
المؤلف الرئيسي: Menén Desleal, Alvaro 1931-2000
التنسيق: وثيقة رسمية كتاب
اللغة:Spanish
منشور في: San Salvador, El Salvador Ministerio de Educación, Dirección de Publicaciones 1967
الطبعة:1. edición
سلاسل:Colección Teatro, 6
الموضوعات:
الوسوم: إضافة وسم
لا توجد وسوم, كن أول من يضع وسما على هذه التسجيلة!

MARC

LEADER 00000nam a22000007a 4500
007 ta
008 140124s1967 es ||| ||||o000 d spa d
020 |a 9789992301210 
040 |a cru CIICLA Universidad de Costa Rica 
086 |a ES862.4 M542L7 
100 1 |a Menén Desleal, Alvaro  |d 1931-2000 
245 1 0 |a Luz negra  |b pieza en 2 actos y un prólogo  |c por Alvaro Menen Desleal 
250 |a 1. edición 
260 |a San Salvador, El Salvador  |b Ministerio de Educación, Dirección de Publicaciones  |c 1967 
300 |a 133 páginas 
490 0 |a Colección Teatro, 6 
521 |a El ejemplar con número de inscripción 14930, es la decimocuarta reimpresión (con 133 páginas) y trae la indicación de la serie e ISBN 
650 |a LITERATURA SALVADOREÑA  |v TEATRO 
942 |2 ddc  |c BK 
999 |c 3155  |d 3155